Toutes les destinations du jeu "Les Aventuriers du Rail" - Statistiques

Statistiques générales
  • Ce quiz a été pris 9 fois
  • Le résultat moyen est 7 sur 30
Statistiques - réponses
Nombre de points Destination % Correct
22 Seattle- New York
89%
21 Los Angeles- New York
67%
6 New York- Atlanta
67%
12 Boston- Miami
56%
4 Denver- El Paso
56%
20 Los Angeles- Miami
44%
9 Seattle- Los Angeles
44%
10 Duluth- El Paso
33%
8 Helena- Los Angeles
33%
16 Los Angeles- Chicago
33%
20 Vancouver- Montréal
33%
11 Winnipeg- Little Rock
33%
13 Calgary- Phoenix
22%
10 Toronto- Miami
22%
9 Chicago- Santa Fe
11%
11 Dallas- New York
11%
8 Duluth- Houston
11%
5 Kansas City- Houston
11%
13 Montréal- New Orleans
11%
17 Portland- Nashville
11%
8 Sault St. Marie- Nashville
11%
12 Winnipeg- Houston
11%
7 Calgary- Salt Lake City
0%
7 Chicago- New Orleans
0%
11 Denver- Pittsburgh
0%
9 Montréal- Atlanta
0%
11 Portland- Phoenix
0%
17 San Fransisco- Atlanta
0%
9 Sault St. Marie- Oklahoma City
0%
13 Vancouver- Santa Fe
0%
Aucun quiz correspondant
Distribution des résultats
% des personnes avec chaque résultat
Percentile par nombre de réponses
Votre historique - résultats
Vous n’avez pas pris ce quiz